000
00282nam a2200109Ia 4500
008
190907s9999||||xx |||||||||||||| ||und||
100
_a
David Firth
245
0
_a
Smart Things To Know About People Management
260
_a
New Jersey
_b
Prentice Hall
_c
2001
300
_a
228
942
_c
BK
999
_c
6585
_d
6585